Mario Kart World costumes - Statistics

General Stats
  • This quiz has been taken 27 times
  • The average score is 71 of 103
Answer Stats
Character Costume % Correct
Bowser | Waluigi | Wario | Yoshi Biker
100%
Bowser Jr. Biker Jr.
100%
Waluigi Wampire
94%
King Boo | Wario Pirate
88%
Baby Daisy | Baby Luigi | Baby Mario | +17 others Pro Racer
88%
King Boo | Yoshi Aristocrat
82%
Rosalina Aurora
82%
Baby Daisy | Baby Peach | Baby Rosalina | +6 others Touring
82%
Bowser | Donkey Kong | Koopa Troopa | +2 others All-Terrain
76%
Toad Burger Bud
76%
Daisy | Luigi | Wario Oasis
76%
Baby Mario | Daisy | Yoshi Swimwear
76%
Birdo | Daisy | Peach Vacation
76%
Daisy | Pauline | Peach | Rosalina Aero
71%
Luigi | Peach Farmer
71%
Mario | Peach Aviator
65%
Baby Luigi | Baby Mario | Koopa Troopa | Wario Work Crew
65%
Baby Daisy | Baby Peach | Baby Rosalina | +3 others Explorer
59%
Lakitu Fisherman
59%
Toadette Conductor
53%
Luigi | Mario Happi
53%
Luigi | Mario Mechanic
53%
Lakitu | Shy Guy Pit Crew
53%
Mario Cowboy
47%
Toadette | Yoshi Soft Server
47%
Wario Wicked Wasp
47%
Toad Engineer
41%
Waluigi Mariachi
41%
Baby Daisy | Baby Peach | Baby Rosalina | Koopa Troopa Sailor
41%
Bowser Supercharged
41%
Peach Yukata
41%
Mario Dune Rider
35%
Luigi Gondolier
35%
Waluigi | Wario Road Ruffian
35%
Yoshi Matsuri
29%
Koopa Troopa Runner
29%
Mario | Peach Sightseeing
29%
Yoshi Food Slinger
24%
Shy Guy Slope Styler
18%
No matching quizzes found
Score Distribution
Percent of People with Each Score
Percentile by Number Answered
Your Score History
You have not taken this quiz